000 00636cab a2200193 4500
001 L136831
008 070227n2007 000 0 eng u
035 _a(Sirsi) u136831
041 _aeng
100 1 _aHills, John
245 0 0 _aSeeds of change
260 _c2007
490 0 0 _aInside Housing
_v23 February 2007, 16-19(4)
520 _aOutlines the main themes of the report "Ends and means: the future roles of social housing in England" asking whether social housing can reinvent itself for the 21st century.
590 _aKA
651 4 _aEngland
_y886-
690 _aPROPERTY-PROPERTY MANAGEMENT-REGENERATION
942 _n0
999 _c78457
_d78457